Aumenta tu autoestima: aprende a quererte más (Registro nro. 4239)
[ vista simple ]
| 000 -CABECERA | |
|---|---|
| campo de control de longitud fija | 00678aam a2200265 4500 |
| 005 - FECHA Y HORA DE ACTUALIZACIÓN | |
| campo de control | 20190218154620.0 |
| 008 - LONGITUD FIJA | |
| campo de control de longitud fija | 150407b xxu||||| |||| 00| 0 spa d |
| 020 ## - INTERNATIONAL STANDARD BOOK NUMBER | |
| Número Internacional Estándar del Libro | 9788479531621 |
| 041 ## - IDIOMA | |
| Código de idioma del texto/pista de sonido o título separado | |
| 082 ## - CLASIFICACIÓN DECIMAL DEWEY | |
| Número de clasificación | 152.4 R484a |
| 100 ## - AUTOR PERSONAL | |
| Nombre de persona | Ribeiro, Lair |
| 245 ## - TÍTULO PROPIAMENTE DICHO | |
| Título | Aumenta tu autoestima: aprende a quererte más |
| 260 ## - PIE DE IMPRENTA | |
| Lugar de publicación, distribución, etc. | España |
| Fecha de publicación, distribución, etc. | 1997 |
| 260 ## - PIE DE IMPRENTA | |
| Nombre del editor, distribuidor, etc. | Urano |
| 260 ## - PIE DE IMPRENTA | |
| Fecha de publicación, distribución, etc. | 1997 |
| 300 ## - DESCRIPCIÓN FÍSICA | |
| Extensión | 126 páginas |
| 650 ## - Materia General | |
| Materia general | AUTOESTIMA |
| 650 ## - Materia General | |
| Materia general | CONSTRUCCIÓN DEL YO |
| 650 ## - Materia General | |
| Materia general | EFECTO PIGMALION |
| 650 ## - Materia General | |
| Materia general | EMOCIONES |
| 650 ## - Materia General | |
| Materia general | OPINIONES |
| 650 ## - Materia General | |
| Materia general | LENGUAJE |
| 650 ## - Materia General | |
| Materia general | CUALIDADES |
| 942 ## - Punto de Acceso Adicional Koha | |
| Tipo de ítem Koha | Libro |
| Estado perdido | Estado dañado | No para préstamo | Biblioteca permanente | Biblioteca actual | Signatura completa | Código de barras | Precio efectivo a partir del | Tipo de ítem |
|---|---|---|---|---|---|---|---|---|
| Departamento de Biblioteca y Documentación Alfonso Chase Brenes | Departamento de Biblioteca y Documentación Alfonso Chase Brenes | 152.4 R484a | 8725 | 08/12/2016 | Libro | |||
| Departamento de Biblioteca y Documentación Alfonso Chase Brenes | Departamento de Biblioteca y Documentación Alfonso Chase Brenes | 152.4 R484a | 6963 | 18/02/2019 | Libro |